000 00570nam a2200193Ia 4500
005 20260114185715.0
008 008 260114s9999 xx 000 0 eng d
020 _a9781474210386
037 _aEBOOK
040 _aCRL
_beng
_cCRL
041 _aeng
_2eng
084 _qCRL
100 _aThomas Munck
_9873402
245 4 _aThe Enlightenment A Comparative Social History 1721-1794
260 _bBloomsbury
_c2000
856 _uhttps://doi.org/10.5040/9781474210386?locatt=label:secondary_bloomsburyCollections
942 _cEBOOK
999 _c1472350
_d1472350